Visualizzazione normale
Vista MARC
- Scarlatti Alessandro
di Personal Name
Records bibliografici associati: 1
001 - CONTROL NUMBER
- control field: 6454
003 - CONTROL NUMBER IDENTIFIER
- control field: IT-RoPau
005 - DATE AND TIME OF LATEST TRANSACTION
- control field: 20131220102456.0
008 - FIXED-LENGTH DATA ELEMENTS
- fixed length control field: 131220|| aca||aabn | a|a d
040 ## - CATALOGING SOURCE
- Original cataloging agency: IT-RoPau
- Transcribing agency: IT-RoPau
100 ## - HEADING--PERSONAL NAME
- Personal name: Scarlatti Alessandro
- Dates associated with a name: Codice autore musica SPICS: 11143
- Relator term: Autore musica
- Name of part/section of a work: Alleluja da un graduale in re magg
670 ## - SOURCE DATA FOUND
- Source citation: Work cat.: (IT-RoPau)103527: AA.VV. 794, Prima orchestra popolare di flauti (La) (Lp Rlv 90552)